Russian Car Brands - Statistics

General Stats
  • This quiz has been taken 100 times
  • The average score is 5 of 12
Answers on the Grid
Answers color-coded by a green-red scale on the quiz's grid according to % correct below.
Vaz
Zastava
Tatra
Lada
KamAz
Denza
SeAz
Fiat
Aurus
Zil
Sollers
BYD
Gaz
Moskvitch
Toyota
Hyundai
Nami
Zaz
Derways
Uaz
 
Answer Stats
Answer % Correct
Vaz
86%
Lada
83%
KamAz
67%
Gaz
58%
Moskvitch
56%
Zil
50%
SeAz
42%
Uaz
39%
Aurus
31%
Derways
8%
Sollers
8%
Nami
6%
No matching quizzes found
Score Distribution
Percent of People with Each Score
Percentile by Number Answered
Your Score History
You have not taken this quiz